POLSKIE SERIALE KOMEDIOWE - Statystyki

Ogólne statystyki
  • Ten quiz został rozwiązany 144 razy
  • Średni wynik to 3 z 5
Statystyki odpowiedzi
Odpowiedź % Poprawnych
ŚWIAT WEDŁUG KIEPSKICH
86%
MIODOWE LATA
74%
RANCZO
50%
RODZINKA PL
44%
TRZYNASTY POSTERUNEK
22%
Nie znaleziono quizów pasujących do podanych kryteriów
Rozkład punktacji
Procent ludzi z każdym wynikiem
Percentyl według liczby udzielonych odpowiedzi
Twoja historia wyników
Nie rozwiązałeś tego quizu